| 000 | 01440nam a2200421 i 4500 | ||
|---|---|---|---|
| 001 | 52159 | ||
| 003 | ES-MaCES | ||
| 005 | 20250203133825.0 | ||
| 008 | 220310s2022 sp f 000|| spad | ||
| 017 |
_aV 82-2022 _bDL |
||
| 020 | _a9788411136013 | ||
| 040 |
_aES-MaCES _bspa _cES-MaCES |
||
| 245 | 0 | 0 |
_aDerecho internacional económico _ccoords., Luis M. Hinojosa Martínez, Javier Roldán Barbero ; autores, Luis M. Hinojosa Martínez ... [et al.] |
| 260 |
_aValencia _bTirant lo Blanch _c2022 |
||
| 300 |
_a486 p. _c24 cm |
||
| 490 | 0 | _aManuales | |
| 500 | _aÍndices | ||
| 504 | _aBibliografía | ||
| 541 | _cCompra | ||
| 650 | 4 |
_arelaciones económicas _926673 |
|
| 650 | 4 |
_acomercio internacional _927958 |
|
| 650 | 4 |
_amercado financiero _928150 |
|
| 650 | 4 |
_asistema monetario internacional _928167 |
|
| 650 | 4 |
_aayuda al desarrollo _926634 |
|
| 650 | 4 |
_aempresa multinacional _927142 |
|
| 650 | 4 |
_aderecho del trabajo _927165 |
|
| 650 | 4 |
_aderecho internacional _926684 |
|
| 650 | 4 |
_alegislación económica _927161 |
|
| 650 | 4 |
_arégimen jurídico _929894 |
|
| 650 | 4 |
_amanual _929264 |
|
| 653 | 1 | 0 | _aEconomía |
| 700 | 1 |
_940222 _aHinojosa Martínez, Luis M. _ecoord. y aut. |
|
| 700 | 1 |
_922528 _aRoldán Barbero, Javier _ecoord. |
|
| 775 | 0 |
_tLecciones de Derecho administrativo _w(ES-MaCES)51619 |
|
| 830 | 0 |
_aManuales (Tirant lo Blanch (Firma)) _933478 |
|
| 902 | _aLIB Libro | ||
| 942 |
_2CES _cBK _h0.0. |
||
| 999 |
_c52159 _d52159 |
||